000 02419cam a22004094i 4500
003 PE-LiUPU
005 20251009110823.0
008 2306s2025 sp a rb 001 0 spa d
020 _a9788411061414
020 _a9788411061421
_q(versión digital)
035 _aPE-LiUPU000014
040 _aPE-LiUPU
_bspa
_cPE-LiUPU
_erda
082 0 4 _a616.029
_bT776
_223
245 0 0 _aTratado de cuidados paliativos /
_cdirectores M. B. Domínguez Fuentes, M. Martín Zamorano, M. E. de la Hoz Adame y V. Rivas Jiménez.
264 1 _aMadrid, España :
_bEditorial Médica Panamericana,
_c2025.
300 _a785 páginas :
_bilustraciones a color ;
_c29 cm
_e1 versión digital.
336 _atext
_2rdacontent
337 _aunmediated
_2rdamedia
338 _avolume
_2rdacarrier
500 _aIncluye acceso a versión digital en línea (Mi Eureka).
504 _aIncluye referencias bibliográficas e índice analítico.
505 0 _aGeneralidades -- Cuidados paliativos en oncología. Terapias de soporte -- Control de síntomas en cuidados paliativos -- Cuidados paliativos en patologías específicas -- Enfermería en cuidados paliativos -- Abordaje psicosocial en cuidados paliativos -- Aspectos éticos y legales al final de la vida -- Índice analítico.
520 _aObra integral y multidisciplinaria que aborda los principios, prácticas clínicas, aspectos éticos, legales y psicosociales de los cuidados paliativos. Incluye temáticas sobre atención en enfermedades crónicas avanzadas, dolor, duelo, acompañamiento psicológico, espiritualidad, eutanasia y más. Dirigido a médicos, enfermeros, psicólogos y profesionales de la salud.
650 1 4 _aCuidados paliativos
_xEnfermos de cáncer.
_96945
650 2 4 _aMedicina paliativa
_xManuales.
_96941
650 2 4 _aEnfermos terminales
_xCuidados y tratamiento.
_96947
650 2 4 _aPsicología clínica.
_91930
655 7 _aManuales.
_2rdfs
700 _aDomínguez Fuentes, María Belén,
_edirectora.
_97099
700 _aMartín Zamorano, Marina,
_edirectora.
_97100
700 _aDe la Hoz Adame, María Eugenia,
_edirectora.
_97101
700 _aRivas Jiménez, Víctor Joaquín,
_edirector.
_97102
710 _aEditorial Médica Panamericana,
_eeditor.
_96616
856 4 0 _uhttps://www.medicapanamericana.com
_zSitio web de la editorial.
942 _2ddc
_cBK
980 _621515
_aROMINA COBOS Adquisiciones
_818226
_gJaime Vilcazán Jefe de Análisis Documental
999 _c63095
_d63094